[Event "TUR-chT 2nd League"]
[Site "Konya"]
[Date "2022.08.25"]
[Round "6.14"]
[White "Koc, Serkan"]
[Black "Firinciogullari, Gurdal"]
[Result "1/2-1/2"]
[WhiteElo "1567"]
[BlackElo "1647"]
[PlyCount "141"]
[EventDate "2022.08.22"]
[EventType "team-swiss"]
[EventRounds "9"]
[EventCountry "TUR"]
[SourceTitle "CBM 210 Extra"]
[Source "ChessBase"]
[SourceDate "2022.11.30"]
[SourceVersion "1"]
[SourceVersionDate "2022.11.30"]
[SourceQuality "1"]
[WhiteTeam "Samsun Gercek"]
[BlackTeam "Karaman Tabduk Emre"]
[WhiteTeamCountry "TUR"]
[BlackTeamCountry "TUR"]

1. e4 d6 2. d4 g6 3. f4 Bg7 4. Nf3 a6 5. a4 b6 6. Bc4 Bb7 7. 0-0 e6 8. Nc3 Ne7 9. Ra3 c6 10. b4 d5 11. exd5 cxd5 12. Be2 0-0 13. b5 Nf5 14. bxa6 Bxa6 15. Bxa6 Rxa6 16. Nb5 Nd6 17. Nxd6 Qxd6 18. Qd3 Rc8 19. Bd2 Ra7 20. Rfa1 Rac7 21. R1a2 Nc6 22. Ne5 Na5 23. c3 f6 24. Nf3 Bf8 25. Ra1 Qxa3 26. Rxa3 Bxa3 27. h4 Nc4 28. Be1 Be7 29. Nd2 Nxd2 30. Bxd2 Rc4 31. Qb1 R4c6 32. Qb3 Kf7 33. h5 Ra8 34. Qb5 Rc4 35. hxg6+ hxg6 36. Qxb6 Rcxa4 37. g4 Ra2 38. Be1 R2a6 39. Qb7 R8a7 40. Qb5 Ra1 41. Kf1 Rc1 42. f5 gxf5 43. gxf5 Raa1 44. fxe6+ Kxe6 45. Qc6+ Bd6 46. Qe8+ Kf5 47. Qd7+ Ke4 48. Qe6+ Be5 49. dxe5 Rxe1+ 50. Kf2 Rf1+ 51. Ke2 Rae1+ 52. Kd2 Rd1+ 53. Kc2 Rc1+ 54. Kd2 Rcd1+ 55. Kc2 fxe5 56. Qg4+ Ke3 57. Qg5+ Ke4 58. Qg4+ Ke3 59. Qg5+ Kf3 60. Qf5+ Kg2 61. Qxe5 Rfe1 62. Qg5+ Kf3 63. Qf5+ Ke3 64. Qe5+ Kf3 65. Qf5+ Ke3 66. Qe5+ Kf3 67. Qf5+ Ke3 68. Qe5+ Kf3 69. Qf5+ Ke3 70. Qe5+ Kf3 71. Qf5+ 1/2-1/2

[Event "TUR-chT 2nd League"]
[Site "Konya"]
[Date "2019.07.26"]
[Round "7.15"]
[White "Durmaz, Ferhat"]
[Black "Firinciogullari, Gurdal"]
[Result "1-0"]
[WhiteElo "1572"]
[BlackElo "1682"]
[PlyCount "88"]
[EventDate "2019.07.22"]
[EventType "team-swiss"]
[EventRounds "9"]
[EventCountry "TUR"]
[SourceTitle "CBM 191 Extra"]
[Source "ChessBase"]
[SourceDate "2019.09.30"]
[SourceVersion "1"]
[SourceVersionDate "2019.09.30"]
[SourceQuality "1"]
[WhiteTeam "Seviye Dernegi"]
[BlackTeam "Kahramanmaras Ustad"]
[WhiteTeamCountry "TUR"]
[BlackTeamCountry "TUR"]

1. d4 d5 2. c4 c6 3. Nc3 e6 4. e3 Nf6 5. Nf3 Nbd7 6. Qc2 Bd6 7. Be2 0-0 8. 0-0 dxc4 9. Bxc4 e5 10. a4 exd4 11. exd4 Qa5 12. Bg5 h6 13. Bh4 Qh5 14. h3 Nb6 15. Be2 Bf5 16. Qd1 Qg6 17. Ne5 Bxe5 18. dxe5 Nfd5 19. g4 Nf4 20. Kh2 Bc2 21. Qd4 Nxe2 22. Nxe2 Qd3 23. Qxd3 Bxd3 24. Rfe1 Bxe2 25. Rxe2 g5 26. Bg3 Rfe8 27. f4 gxf4 28. Bxf4 Kg7 29. a5 Nd5 30. Bd2 a6 31. Rf1 Re7 32. Rf5 Rae8 33. Kg3 Re6 34. h4 R8e7 35. h5 f6 36. exf6+ Nxf6 37. Rxe6 Rxe6 38. Bc3 Re3+ 39. Kh2 Rxc3 40. bxc3 Ne4 41. Re5 Nxc3 42. Re7+ Kf6 43. Rxb7 Nd5 44. Rh7 c5 1-0

[Event "Hatay op 10th"]
[Site "Hatay"]
[Date "2018.09.09"]
[Round "8"]
[White "Ince, Taylan Ruzgar"]
[Black "Firinciogullari, Gurdal"]
[Result "0-1"]
[WhiteElo "1485"]
[BlackElo "1701"]
[PlyCount "184"]
[EventDate "2018.09.02"]
[EventType "swiss"]
[EventRounds "9"]
[EventCountry "TUR"]
[SourceTitle "CBM 186 Extra"]
[Source "ChessBase"]
[SourceDate "2018.08.24"]
[SourceVersion "1"]
[SourceVersionDate "2018.08.24"]
[SourceQuality "1"]

1. e4 c5 2. a3 Nc6 3. b4 d6 4. b5 Nd4 5. c3 Ne6 6. d4 cxd4 7. cxd4 Nf6 8. Qd3 g6 9. g3 Bg7 10. Bb2 Bd7 11. Nd2 0-0 12. Bg2 Rb8 13. Ne2 a6 14. a4 axb5 15. axb5 Qb6 16. Nc4 Qd8 17. Qb3 b6 18. 0-0 Nc7 19. Nc3 Nfe8 20. Rfd1 Ne6 21. Nd5 N8c7 22. Nxc7 Nxc7 23. Na3 Be6 24. d5 Bxb2 25. Qxb2 Bd7 26. Bf1 Qe8 27. Rab1 Ra8 28. Nc2 f5 29. e5 dxe5 30. Qxe5 Nxb5 31. Bxb5 Bxb5 32. Nd4 Bd7 33. Rxb6 Ra5 34. Ne6 Bxe6 35. Qxe6+ Qf7 36. Rb7 Qxe6 37. dxe6 Re8 38. Rdd7 Kf8 39. Rb6 Kg7 40. Rc7 Kf6 41. Rcc6 Re5 42. Kg2 Rd8 43. Rc2 Rxe6 44. Rxe6+ Kxe6 45. Re2+ Kf6 46. f4 Rd4 47. Kf3 Rd3+ 48. Kf2 h6 49. h4 Rd5 50. Kf3 e5 51. fxe5+ Rxe5 52. Ra2 g5 53. hxg5+ hxg5 54. Ra6+ Re6 55. Ra5 Rc6 56. Rb5 Rc3+ 57. Kf2 Rd3 58. Ra5 Ke6 59. Ra8 g4 60. Ra6+ Ke5 61. Ra5+ Ke4 62. Ra4+ Rd4 63. Ra2 Rc4 64. Re2+ Kd5 65. Rd2+ Rd4 66. Ra2 Rd3 67. Ra5+ Ke4 68. Ra4+ Ke5 69. Ra5+ Kf6 70. Ra2 Rf3+ 71. Kg2 Ke5 72. Ra5+ Kd4 73. Ra8 Ke3 74. Re8+ Kd2 75. Re5 Kd3 76. Rd5+ Ke4 77. Rd8 Ra3 78. Re8+ Kd4 79. Rd8+ Ke5 80. Re8+ Kf6 81. Re2 Ra4 82. Rd2 Re4 83. Kf2 Rb4 84. Re2 Rb3 85. Rd2 Ke5 86. Re2+ Kd4 87. Kg2 Re3 88. Rd2+ Ke4 89. Rf2 Re1 90. Rf4+ Ke5 91. Kf2 Re4 92. Rxe4+ fxe4 0-1

[Event "Hatay op 10th"]
[Site "Hatay"]
[Date "2018.09.05"]
[Round "4"]
[White "Firinciogullari, Gurdal"]
[Black "Buyukasik, Ibrahim"]
[Result "1/2-1/2"]
[WhiteElo "1701"]
[BlackElo "1360"]
[PlyCount "101"]
[EventDate "2018.09.02"]
[EventType "swiss"]
[EventRounds "9"]
[EventCountry "TUR"]
[SourceTitle "CBM 186 Extra"]
[Source "ChessBase"]
[SourceDate "2018.08.24"]
[SourceVersion "1"]
[SourceVersionDate "2018.08.24"]
[SourceQuality "1"]

1. d4 d5 2. e3 Nf6 3. Bd3 e6 4. Nf3 Be7 5. 0-0 0-0 6. Nbd2 Nbd7 7. c3 b6 8. Qe2 Bb7 9. e4 dxe4 10. Nxe4 Nxe4 11. Bxe4 Bxe4 12. Qxe4 Nf6 13. Qc6 Qd5 14. Qxd5 exd5 15. Bg5 h6 16. Bxf6 Bxf6 17. Rfe1 Rfe8 18. Kf1 g5 19. h3 c5 20. Rxe8+ Rxe8 21. dxc5 bxc5 22. Rd1 Rd8 23. Ke2 a5 24. Kd3 Bg7 25. g4 f5 26. gxf5 Rf8 27. Ke3 Rxf5 28. Ke2 a4 29. Rc1 Rf8 30. Rc2 a3 31. bxa3 Ra8 32. c4 d4 33. Ne1 Be5 34. Nd3 Bd6 35. Kf3 Rxa3 36. Ke4 Kf7 37. Ne5+ Bxe5 38. Kxe5 Rc3 39. Rb2 Rxc4 40. Kd5 Rc3 41. a4 d3 42. Rd2 c4 43. a5 Rc2 44. Rd1 d2 45. a6 c3 46. Kd4 Ra2 47. Kxc3 Rxa6 48. Kxd2 Ra2+ 49. Ke3 Ra3+ 50. Rd3 Rxd3+ 51. Kxd3 1/2-1/2

[Event "Hatay op 10th"]
[Site "Hatay"]
[Date "2018.09.02"]
[Round "1"]
[White "Ozal, Nuri"]
[Black "Firinciogullari, Gurdal"]
[Result "0-1"]
[WhiteElo "1285"]
[BlackElo "1701"]
[PlyCount "216"]
[EventDate "2018.09.02"]
[EventType "swiss"]
[EventRounds "9"]
[EventCountry "TUR"]
[SourceTitle "CBM 186 Extra"]
[Source "ChessBase"]
[SourceDate "2018.08.24"]
[SourceVersion "1"]
[SourceVersionDate "2018.08.24"]
[SourceQuality "1"]

1. e4 d5 2. exd5 Qxd5 3. Nc3 Qd6 4. d4 Nf6 5. Nf3 a6 6. g3 Bg4 7. Bf4 Qd8 8. Bg2 Nc6 9. d5 Nb4 10. 0-0 Nbxd5 11. Nxd5 Nxd5 12. Qd4 Nxf4 13. Qxf4 Bxf3 14. Bxf3 c6 15. Rad1 Qb8 16. Qc4 Qc7 17. Bd5 e5 18. Rfe1 f6 19. Kh1 0-0-0 20. Be6+ Kb8 21. c3 Be7 22. b4 Rxd1 23. Rxd1 Rd8 24. Qg4 Rxd1+ 25. Qxd1 Bd6 26. Qh5 h6 27. Qe8+ Ka7 28. Bf7 Be7 29. Qg8 g5 30. Qg6 c5 31. Qb1 cxb4 32. cxb4 Bxb4 33. Qxb4 Qxf7 34. a4 Qd5+ 35. Kg1 Qc6 36. a5 h5 37. Qe7 h4 38. Qb4 hxg3 39. hxg3 Qb5 40. Qd6 Qxa5 41. Qxf6 g4 42. Qf5 Qa1+ 43. Kg2 Qd4 44. Qg6 a5 45. Qb1 Ka6 46. Qg6+ b6 47. Qc6 a4 48. Qc8+ Kb5 49. Qe8+ Kb4 50. Qe7+ Kb3 51. Qe6+ Kb2 52. Qc6 a3 53. Qb5+ Ka2 54. Qe2+ Kb3 55. Qb5+ Kc2 56. Qe2+ Kc3 57. Qe1+ Kb3 58. Qb1+ Qb2 59. Qd3+ Kb4 60. Qd6+ Ka5 61. Qd5+ b5 62. Qa8+ Kb4 63. Qe4+ Ka5 64. Qa8+ Kb6 65. Qb8+ Ka5 66. Qa7+ Kb4 67. Qe7+ Kb3 68. Qe6+ Kc2 69. Qf5+ Kc1 70. Qxg4 a2 71. Qg5+ Kb1 72. Qf5+ Qc2 73. Qxe5 a1Q 74. Qxb5+ Qab2 75. Qf1+ Qbc1 76. Qb5+ Ka2 77. Qd5+ Qc4 78. Qa8+ Kb1 79. Qb7+ Qb2 80. Qh7+ Qcc2 81. Qf7 Qc6+ 82. Kh3 Qh8+ 83. Kg4 Qe4+ 84. f4 Qc8+ 85. Kh4 Qd8+ 86. Kg4 Qc8+ 87. Kh4 Qh1+ 88. Kg5 Qd8+ 89. Kf5 Qh3+ 90. g4 Qc8+ 91. Ke4 Qhxg4 92. Qb3+ Kc1 93. Qe3+ Kb2 94. Qb6+ Kc3 95. Qd4+ Kb3 96. Qb6+ Kc4 97. Qd4+ Kb5 98. Qb2+ Kc6 99. Qc3+ Kd6 100. Qe5+ Kd7 101. Qd5+ Ke7 102. Qa5 Qce6+ 103. Kd3 Qge2+ 104. Kd4 Qf2+ 105. Kd3 Qee3+ 106. Kc4 Qfxf4+ 107. Kb5 Qee5+ 108. Kb6 Qff6+ 0-1

[Event "Hatay op 7th"]
[Site "Hatay"]
[Date "2016.09.02"]
[Round "9"]
[White "Firinciogullari, Gurdal"]
[Black "Kuruz, Yusuf"]
[Result "0-1"]
[WhiteElo "1688"]
[BlackElo "1920"]
[PlyCount "66"]
[EventDate "2016.08.27"]
[EventType "swiss"]
[EventRounds "9"]
[EventCountry "TUR"]
[SourceTitle "CBM 174 Extra"]
[Source "ChessBase"]
[SourceDate "2016.10.10"]
[SourceVersion "1"]
[SourceVersionDate "2016.10.10"]
[SourceQuality "1"]

1. c4 e5 2. Nc3 Nf6 3. g3 Nc6 4. Bg2 Bb4 5. Nd5 0-0 6. a3 Be7 7. b4 a5 8. b5 Nd4 9. e3 Ne6 10. Bb2 Nxd5 11. cxd5 Nc5 12. d4 exd4 13. exd4 Bf6 14. Ne2 a4 15. dxc5 Bxb2 16. Ra2 Be5 17. 0-0 d6 18. c6 bxc6 19. bxc6 Ba6 20. Qc2 Re8 21. Be4 g6 22. Bd3 Bc8 23. Rb1 Bh3 24. Rb4 Ra5 25. Rh4 Qc8 26. Qd2 Rxd5 27. Qh6 Rxd3 28. Qxh7+ Kf8 29. Rxh3 Rd1+ 30. Kg2 Qe6 31. Rc2 Qd5+ 32. f3 Qd3 33. Ra2 Bg7 0-1